| 000 | 00761nam a22001937a 4500 | ||
|---|---|---|---|
| 005 | 20251108175205.0 | ||
| 008 | 250721s2014 xx 000 0 ara d | ||
| 082 | 1 | 4 | _a201.3/فود |
| 100 | 1 | _aفودة، سعيد عبد اللطيف | |
| 245 | 1 | 0 | _aتفنيد الأسس النظرية و العملية للإلحاد : نقد كتابين للدكتور عادل ضاهر 1- تأملات في مفهوم الفعل الإلهي 2- نقد الصحوة الإسلامية / |
| 264 | 1 |
_aالكويت : _bدار الضياء للنشر والتوزيع، _c2014. |
|
| 300 | _a195 ص. | ||
| 650 | 1 | 7 | _aالإلحاد |
| 650 | 1 | 7 | _aالصحوة الإسلامية |
| 650 | 1 | 7 | _aالإسلام |
| 650 | 1 | 7 | _aالله |
| 942 |
_2ddc _cBK |
||
| 999 |
_c128289 _d128289 |
||